[Event "GBR-ch 94th"]
[Site "Great Yarmouth"]
[Date "2007.07.31"]
[Round "2"]
[White "Knott, Simon JB"]
[Black "McEwan, Ken B"]
[Result "1-0"]
[WhiteElo "2374"]
[BlackElo "2170"]
[PlyCount "71"]
[EventDate "2007.07.30"]
[EventType "swiss"]
[EventRounds "11"]
[EventCountry "ENG"]
[SourceTitle "CBM 119 Extra"]
[Source "ChessBase"]
[SourceDate "2007.09.04"]
[SourceVersion "1"]
[SourceVersionDate "2007.09.04"]
[SourceQuality "1"]

1. Nf3 d5 2. d4 Nf6 3. c4 c6 4. Nc3 dxc4 5. a4 Bf5 6. e3 e6 7. Bxc4 Bb4 8. 0-0 0-0 9. Qe2 Ne4 10. Bd3 Bxc3 11. Bxe4 Bxe4 12. bxc3 Qa5 13. Bb2 Nd7 14. Nd2 Bg6 15. e4 c5 16. Qb5 Qc7 17. f3 Rfd8 18. Nc4 f6 19. Ne3 Bf7 20. a5 b6 21. a6 Rac8 22. Rfd1 Be8 23. Qe2 c4 24. Ba3 Nb8 25. d5 Nxa6 26. dxe6 Rxd1+ 27. Rxd1 Qc6 28. Nd5 Qxe6 29. Ne7+ Kf7 30. Nxc8 Qxc8 31. e5 Qe6 32. f4 fxe5 33. Rd6 Qc8 34. fxe5 b5 35. Qf2+ Kg8 36. Rd8 1-0

[Event "BCF-ch Major 92nd"]
[Site "Douglas"]
[Date "2005.08.08"]
[Round "7"]
[White "Ward, William2222"]
[Black "McEwan, Ken B"]
[Result "0-1"]
[WhiteElo "1970"]
[BlackElo "2189"]
[PlyCount "36"]
[EventDate "2005.08.01"]
[EventType "swiss"]
[EventRounds "11"]
[EventCountry "ENG"]
[SourceTitle "EXT 2006"]
[Source "ChessBase"]
[SourceDate "2005.11.24"]
[SourceVersion "1"]
[SourceVersionDate "2005.11.24"]
[SourceQuality "1"]

1. f4 d5 2. e3 g6 3. Nf3 Bg7 4. Be2 c5 5. 0-0 Nc6 6. Qe1 Nf6 7. d3 0-0 8. Bd1 Qb6 9. Kh1 Bd7 10. c3 Rae8 11. e4 dxe4 12. dxe4 e5 13. f5 gxf5 14. exf5 Bxf5 15. Qh4 e4 16. Ng5 Bg6 17. Nh3 e3 18. Rxf6 Qd8 0-1

[Event "BCF-ch Major 92nd"]
[Site "Douglas"]
[Date "2005.08.06"]
[Round "6"]
[White "McEwan, Ken B"]
[Black "Marusenko, Petr"]
[Result "0-1"]
[WhiteElo "2189"]
[BlackElo "2344"]
[PlyCount "112"]
[EventDate "2005.08.01"]
[EventType "swiss"]
[EventRounds "11"]
[EventCountry "ENG"]
[SourceTitle "EXT 2006"]
[Source "ChessBase"]
[SourceDate "2005.11.24"]
[SourceVersion "1"]
[SourceVersionDate "2005.11.24"]
[SourceQuality "1"]

1. e4 c6 2. Nc3 d5 3. Nf3 Bg4 4. h3 Bh5 5. Be2 e6 6. 0-0 Nf6 7. d3 Bb4 8. Bd2 a5 9. e5 Nfd7 10. d4 0-0 11. Ng5 Bg6 12. Bh5 Be7 13. Bxg6 Bxg5 14. Bxg5 Qxg5 15. Bd3 c5 16. f4 Qh4 17. Nb5 cxd4 18. Nxd4 Nxe5 19. Bxh7+ Qxh7 20. fxe5 Nc6 21. Nxc6 bxc6 22. Qe2 Rab8 23. c3 Qe4 24. Qxe4 dxe4 25. Rae1 Rxb2 26. Rf2 Rfb8 27. Rxe4 R8b5 28. a4 Rb1+ 29. Rf1 Rxf1+ 30. Kxf1 Rd5 31. Ke2 Kh7 32. Ke3 g5 33. Kf3 Rd3+ 34. Re3 Rd2 35. Re4 Kg6 36. Rc4 Rd3+ 37. Ke2 Rd5 38. Rxc6 Rxe5+ 39. Kf3 f5 40. c4 f4 41. Rb6 Re3+ 42. Kf2 Re4 43. Rc6 Kf5 44. g3 Re3 45. Rc5+ e5 46. h4 Rxg3 47. hxg5 Rxg5 48. Rxa5 Ke4 49. Rb5 f3 50. Rb1 Rg2+ 51. Kf1 Kf4 52. c5 e4 53. Rb8 Rc2 54. Rb1 Rxc5 55. Ra1 Kg3 56. a5 Rh5 0-1

[Event "BCF-ch Major 92nd"]
[Site "Douglas"]
[Date "2005.08.04"]
[Round "4"]
[White "McEwan, Ken B"]
[Black "Dawson, Jeffery R"]
[Result "1/2-1/2"]
[WhiteElo "2189"]
[BlackElo "1816"]
[PlyCount "30"]
[EventDate "2005.08.01"]
[EventType "swiss"]
[EventRounds "11"]
[EventCountry "ENG"]
[SourceTitle "EXT 2006"]
[Source "ChessBase"]
[SourceDate "2005.11.24"]
[SourceVersion "1"]
[SourceVersionDate "2005.11.24"]
[SourceQuality "1"]

1. e4 e6 2. d4 d5 3. Nd2 dxe4 4. Nxe4 Nf6 5. Bd3 Nxe4 6. Bxe4 Nd7 7. Nf3 Nf6 8. Bd3 c5 9. 0-0 cxd4 10. Nxd4 Be7 11. Nf3 0-0 12. Qe2 b6 13. Bg5 Bb7 14. Rad1 Qc7 15. Bh4 Rad8 1/2-1/2

[Event "BCF-ch Major 92nd"]
[Site "Douglas"]
[Date "2005.08.02"]
[Round "2"]
[White "McEwan, Ken B"]
[Black "Snowden, James"]
[Result "1-0"]
[WhiteElo "2189"]
[BlackElo "1971"]
[PlyCount "39"]
[EventDate "2005.08.01"]
[EventType "swiss"]
[EventRounds "11"]
[EventCountry "ENG"]
[SourceTitle "EXT 2006"]
[Source "ChessBase"]
[SourceDate "2005.11.24"]
[SourceVersion "1"]
[SourceVersionDate "2005.11.24"]
[SourceQuality "1"]

1. e4 d5 2. exd5 Qxd5 3. Nc3 Qa5 4. Be2 Nf6 5. Nf3 Bf5 6. 0-0 c6 7. d4 e6 8. Bf4 Bb4 9. Nb1 Ne4 10. c3 Bd6 11. Ne5 Qc7 12. f3 Nf6 13. Bg3 Nd5 14. Qd2 f6 15. c4 fxe5 16. cxd5 cxd5 17. Nc3 exd4 18. Nb5 Qb6 19. Nxd6+ Kd7 20. Bb5+ 1-0

[Event "BCF-ch"]
[Site "Edinburgh"]
[Date "2003.07.21"]
[Round "7"]
[White "Meenakshi, Subbaraman"]
[Black "McEwan, Ken B"]
[Result "1-0"]
[WhiteElo "2319"]
[BlackElo "2190"]
[PlyCount "99"]
[EventDate "2003.07.14"]
[EventType "swiss"]
[EventRounds "11"]
[EventCountry "SCO"]
[SourceTitle "CBM 095 Extra"]
[Source "ChessBase"]
[SourceDate "2003.09.04"]
[SourceVersion "1"]
[SourceVersionDate "2003.09.04"]
[SourceQuality "1"]

1. d4 Nf6 2. c4 e6 3. Nc3 Bb4 4. Qc2 0-0 5. a3 Bxc3+ 6. Qxc3 d6 7. Bg5 Nbd7 8. f3 c5 9. dxc5 dxc5 10. Nh3 Qc7 11. e3 b6 12. Bd3 h6 13. Bh4 e5 14. Nf2 Bb7 15. Qc2 Rfe8 16. Ne4 Nxe4 17. Bxe4 Bxe4 18. Qxe4 Nf8 19. 0-0-0 Ng6 20. Bg3 Rad8 21. h4 Nf8 22. Rxd8 Qxd8 23. Rd1 Qe7 24. Qc6 Qe6 25. Qxe6 Rxe6 26. Rd8 g5 27. Kc2 f6 28. Kd3 Kf7 29. Ke4 Ng6 30. hxg5 hxg5 31. Be1 Ne7 32. g4 Rc6 33. Bc3 Ke6 34. f4 exf4 35. exf4 Rc8 36. f5+ Kf7 37. Rd7 Ra8 38. Rc7 Rh8 39. Rxa7 Rh4 40. Kf3 Rh3+ 41. Kf2 Rh4 42. Kg3 Rh1 43. Rb7 Rg1+ 44. Kh3 Rf1 45. Rxb6 Ng8 46. Rb7+ Ne7 47. Rc7 Rf3+ 48. Kg2 Rf4 49. Kg3 Rxc4 50. Bb4 1-0

[Event "BCF-ch 84th"]
[Site "Hove"]
[Date "1997.08.13"]
[Round "9"]
[White "Thurlow, Kevin J"]
[Black "McEwan, Ken B"]
[Result "1-0"]
[WhiteElo "2205"]
[BlackElo "2210"]
[PlyCount "48"]
[EventDate "1997.08.04"]
[EventType "swiss"]
[EventRounds "11"]
[EventCountry "ENG"]
[SourceTitle "EXT 1999"]
[Source "ChessBase"]
[SourceDate "1998.11.16"]
[SourceVersion "1"]
[SourceVersionDate "1998.11.16"]
[SourceQuality "1"]

1. c4 e5 2. Nc3 Nc6 3. g3 g6 4. Bg2 Bg7 5. e3 f5 6. Nge2 Nf6 7. 0-0 0-0 8. d4 d6 9. b3 Ne7 10. dxe5 dxe5 11. Ba3 Qxd1 12. Raxd1 Re8 13. Nb5 c6 14. Nc7 Bd7 15. Nxa8 Kf7 16. Nc7 Rc8 17. Bd6 Ne4 18. c5 Nxd6 19. cxd6 Ng8 20. Rd2 Nf6 21. Nc3 e4 22. Na4 b6 23. f3 Bh6 24. Re1 exf3 1-0